书目信息 |
| 题名: |
全世界都在用的旅游英语大全集
|
|
| 作者: | 克里斯汀 , 金姆 , 李文昊 著 | |
| 分册: | ||
| 出版信息: | 武汉 武汉出版社 2013 |
|
| 页数: | 338页 | |
| 开本: | 24cm | |
| 丛书名: | ||
| 单 册: | ||
| 中图分类: | F59 | |
| 科图分类: | ||
| 主题词: | 旅游--英语 | |
| 电子资源: | ||
| ISBN: | 978-7-5430-7450-7 | |
| 000 | 01060nam0 2200265 450 | |
| 001 | 339438 | |
| 005 | 20150608090951.50 | |
| 010 | @a978-7-5430-7450-7@dCNY39.80 | |
| 100 | @a20130703d2013 em y0chiy50 ea | |
| 101 | 2 | @achi@aeng@ceng |
| 102 | @aCN@b420000 | |
| 105 | @ay z 000yy | |
| 106 | @ar | |
| 200 | 1 | @a全世界都在用的旅游英语大全集@Aquan shi jie dou zai yong de lv you ying yu da quan ji@f(美) 克里斯汀, (美) 金姆, 李文昊著 |
| 210 | @a武汉@c武汉出版社@d2013 | |
| 215 | @a338页@d24cm | |
| 300 | @a含章行文 一学就会,大全集系列 | |
| 330 | @a本书共分八章, 包括旅行安排、出行方式、旅行住宿、旅游观光、旅游购物、旅游饮食、银行业务、突发意外等方方面面, 能对你旅行提供全方位的帮助。每个小节都有“句式急救箱”版块, 精选最实用、最地道的旅游英语句式, 并且加以归类整理, 句句经典实用。 | |
| 606 | 0 | @a旅游@x英语 |
| 690 | @aF59@v5 | |
| 701 | 0 | @c(美)@a克里斯汀@Ake li si ting@c(口语教学)@4著 |
| 701 | 0 | @c(美)@a金姆@Ajin mu@c(口语教学)@4著 |
| 701 | 0 | @a李文昊@Ali wen hao@c(英语)@4著 |
| 801 | 0 | @aCN@b卓展宏图@c20150525 |
| 905 | @dF59@e435@f4 | |
| 全世界都在用的旅游英语大全集/(美) 克里斯汀, (美) 金姆, 李文昊著.-武汉:武汉出版社,2013 |
| 338页;24cm |
| 含章行文 一学就会,大全集系列 |
| ISBN 978-7-5430-7450-7:CNY39.80 |
| 本书共分八章, 包括旅行安排、出行方式、旅行住宿、旅游观光、旅游购物、旅游饮食、银行业务、突发意外等方方面面, 能对你旅行提供全方位的帮助。每个小节都有“句式急救箱”版块, 精选最实用、最地道的旅游英语句式, 并且加以归类整理, 句句经典实用。 |
| ● |
| 相关链接 |
|
|
|
|
正题名:全世界都在用的旅游英语大全集
索取号:F59/435
 
预约/预借
| 序号 | 登录号 | 条形码 | 馆藏地/架位号 | 状态 | 备注 |
| 1 | 858213 | 208582130 | 第一样本阅览室/ [索取号:F59/435] | 在馆 | |
| 2 | 858214 | 208582149 | 第一借阅区/ [索取号:F59/435] | 在馆 | |
| 3 | 858215 | 208582158 | 密集书库-资源管理系/ [索取号:F59/435] | 在馆 | |
| 4 | 858216 | 208582167 | 第一借阅区/ [索取号:F59/435] | 在馆 |